| 000 | 00806nam a2200253Ia 4500 | ||
|---|---|---|---|
| 001 | dia_4021 | ||
| 003 | CHAP | ||
| 005 | 20230130130335.0 | ||
| 007 | ta | ||
| 008 | 220117s1991 mx f 000 0 spa d | ||
| 010 | _a174642 | ||
| 040 |
_cCHAP _amxchpua |
||
| 090 | _aFOLLETO 2567 | ||
| 110 |
_9186138 _aUACh. _bPrograma Interdepartamental de Investigaciones y Servicio en Citricultura |
||
| 245 | 1 | 0 |
_aPrimer curso internacional de citricultura / _cUACh. Programa interdepartamental de investigaciones y servicio en citricultura |
| 260 |
_aVeracruz, México : _bUACh, _c1991 |
||
| 300 | _a59 páginas | ||
| 500 | _aC/e | ||
| 650 | 1 | 3 |
_aCitricultura _9155618 |
| 901 | _aFOLLETO 2567 | ||
| 902 | _aM | ||
| 905 | _a0000001991 mx AM 0000000000spa00 | ||
| 942 |
_cFOLL _2local |
||
| 999 |
_c174642 _d174642 |
||